[Event "?"]
[Site "?"]
[Date "1998.??.??"]
[Round "7.2"]
[White "Lein, A."]
[Black "Braun, G."]
[Result "1/2-1/2"]
[WhiteElo "2460"]
[BlackElo "2325"]
[PlyCount "55"]
[EventDate "1998.??.??"]

1. d4 d6 2. Nf3 Bg4 3. h3 Bxf3 4. gxf3 g6 5. f4 Bg7 6. c3 c6 7. Nd2 d5 8. Nf3
Nd7 9. e3 e6 10. Qb3 Qb6 11. h4 Ngf6 12. Ne5 Qxb3 13. axb3 a6 14. Be2 h5 15. f3
Bf8 16. b4 Rc8 17. Bd3 Be7 18. Ke2 Nxe5 19. fxe5 Nd7 20. e4 Nb6 21. b3 Kd7 22.
Bd2 Kc7 23. c4 Kb8 24. f4 dxe4 25. Bxe4 Rhd8 26. Ke3 Rd7 27. Ra2 Na8 28. Bc3
1/2-1/2

[Event "?"]
[Site "?"]
[Date "1998.??.??"]
[Round "7.4"]
[White "Zoltek, T."]
[Black "Ivkov, B."]
[Result "0-1"]
[WhiteElo "2285"]
[BlackElo "2440"]
[PlyCount "90"]
[EventDate "1998.??.??"]

1. Nf3 d5 2. d4 Nf6 3. c4 e6 4. Nc3 Be7 5. Bg5 h6 6. Bh4 O-O 7. e3 b6 8. Bd3
Bb7 9. Bxf6 Bxf6 10. cxd5 exd5 11. b4 c6 12. O-O Qd6 13. Rb1 Nd7 14. Qc2 Bd8
15. Rfc1 Re8 16. Ne2 a5 17. b5 c5 18. Bh7+ Kh8 19. Bf5 c4 20. Bxd7 Qxd7 21. Ne5
Qc7 22. Qf5 Bf6 23. Ng4 Bg5 24. Ne5 Kg8 25. Nf3 g6 26. Qc2 Bf6 27. Nf4 Qe7 28.
h4 h5 29. Nxg6 fxg6 30. Qxg6+ Qg7 31. Qxh5 Re4 32. Ng5 Bxg5 33. hxg5 Qh7 34.
Qf3 Qh4 35. Qf6 Rf8 36. g3 Rxf6 37. gxh4 Rfe6 38. Kg2 Rxh4 39. Kg3 Rh7 40. Re1
Rhe7 41. Rbc1 Bc8 42. Rc3 Re4 43. Rh1 Rg4+ 44. Kf3 Rf7+ 45. Ke2 Rxg5 0-1

[Event "?"]
[Site "?"]
[Date "1998.??.??"]
[Round "7.5"]
[White "Kraidman, Y."]
[Black "Gruzmann, B."]
[Result "1-0"]
[WhiteElo "2335"]
[BlackElo "2260"]
[PlyCount "97"]
[EventDate "1998.??.??"]

1. d4 Nf6 2. c4 g6 3. Nc3 Bg7 4. e4 d6 5. f3 Nc6 6. Be3 a6 7. Nge2 Rb8 8. Nc1
e5 9. Nb3 exd4 10. Nxd4 O-O 11. Be2 Nh5 12. O-O Nf4 13. Nxc6 Nxe2+ 14. Nxe2
bxc6 15. Bd4 Bh6 16. Bc3 c5 17. Qd3 Qe7 18. Rae1 Bb7 19. b3 Rbe8 20. Bb2 f6 21.
Nc3 Qe5 22. Nd1 Qe6 23. Ne3 Bxe3+ 24. Qxe3 Rf7 25. h4 Kf8 26. Kf2 Ke7 27. Qc3
Kd7 28. Rd1 Kc8 29. Rfe1 g5 30. hxg5 fxg5 31. e5 Qg4 32. exd6 Qh4+ 33. Kg1
Rxe1+ 34. Rxe1 Bxf3 35. Re8+ Kb7 36. dxc7 Bg4 37. Qe3 Bd7 38. c8=Q+ Bxc8 39.
Rxc8 Rd7 40. Rf8 Rd1+ 41. Rf1 Rxf1+ 42. Kxf1 Qh1+ 43. Kf2 Qb1 44. Qe7+ Kb6 45.
Qd6+ Kb7 46. Be5 Qf5+ 47. Kg1 Qc8 48. Qe7+ Ka8 49. Bd6 1-0

[Event "?"]
[Site "?"]
[Date "1998.??.??"]
[Round "7.6"]
[White "Biberger, H."]
[Black "Klovans, J."]
[Result "0-1"]
[WhiteElo "2036"]
[BlackElo "2465"]
[PlyCount "76"]
[EventDate "1998.??.??"]

1. b4 d5 2. Bb2 Nf6 3. e3 e6 4. b5 Nbd7 5. Nf3 Bd6 6. g3 O-O 7. d4 a6 8. a4 Nb6
9. Nbd2 axb5 10. axb5 Na4 11. Qc1 Bd7 12. Bd3 Qe8 13. O-O Bxb5 14. c4 dxc4 15.
Nxc4 Bxc4 16. Bxc4 Qc6 17. Nd2 Bb4 18. Bb3 Nxb2 19. Rxa8 Rxa8 20. Qxb2 Qc3 21.
Qxc3 Bxc3 22. Nc4 b5 23. Ne5 c5 24. Rc1 cxd4 25. Nc6 Bd2 26. Rc2 dxe3 27. fxe3
Bxe3+ 28. Kf1 g6 29. Ne5 Ra3 30. Rc8+ Kg7 31. Bd1 Nd5 32. Be2 b4 33. Rb8 Bd4
34. Nc4 Ra1+ 35. Kg2 Ra2 36. Kf3 Nc3 37. Bd3 Rf2+ 38. Kg4 Rxh2 0-1

[Event "?"]
[Site "?"]
[Date "1998.??.??"]
[Round "7.7"]
[White "Taimanov, M."]
[Black "Semasev, K."]
[Result "1/2-1/2"]
[WhiteElo "2455"]
[BlackElo "2275"]
[PlyCount "78"]
[EventDate "1998.??.??"]

1. Nf3 d5 2. e3 Nf6 3. c4 e6 4. b3 Be7 5. Bb2 O-O 6. Be2 Ne4 7. O-O f5 8. Qc2
c6 9. d3 Nd6 10. Nbd2 Bf6 11. Rfe1 Nd7 12. Bf1 Bxb2 13. Qxb2 g5 14. Rab1 g4 15.
Ne5 Nxe5 16. Qxe5 Nf7 17. Qc3 e5 18. cxd5 cxd5 19. Rbc1 Be6 20. Qb4 Qb6 21.
Qxb6 axb6 22. a4 Rfc8 23. e4 Rc5 24. exd5 Bxd5 25. h3 gxh3 26. Rxc5 bxc5 27. g3
Kg7 28. Bxh3 Kf6 29. f4 Rd8 30. Rc1 30... b6 { } 31. a5 bxa5 32. Rxc5 exf4 33.
gxf4 Bxb3 34. Rxf5+ Kg7 35. Nxb3 Rxd3 36. Bf1 Rxb3 37. Rxf7+ Kxf7 38. Bc4+ Kf6
39. Bxb3 Kf5 1/2-1/2

[Event "?"]
[Site "?"]
[Date "1998.??.??"]
[Round "7.8"]
[White "Arkhangelsky, B."]
[Black "Dornieden, M."]
[Result "1-0"]
[WhiteElo "2400"]
[BlackElo "2270"]
[PlyCount "75"]
[EventDate "1998.??.??"]

1. d4 d6 2. Nf3 Nd7 3. c4 e5 4. Nc3 g6 5. h4 h5 6. Bg5 f6 7. Bc1 Bh6 8. Qc2 Nf8
9. e3 Bf5 10. Qb3 Qc8 11. c5 Be6 12. d5 Bf5 13. cxd6 cxd6 14. Nb5 Qd8 15. Qa3
Ke7 16. Bd2 a5 17. Rc1 Qb6 18. Bb4 axb4 19. Qxa8 Bxe3 20. fxe3 Qxe3+ 21. Kd1
Nh6 22. Qa7 Qe4 23. Bc4 Nd7 24. Re1 Qg4 25. Be2 Qg3 26. Rc7 Ng4 27. Bf1 Rd8 28.
Qb6 e4 29. Re2 Qf4 30. Nd2 e3 31. Kc1 Ke8 32. Qd4 Qg3 33. Nf3 Nc5 34. Rxe3+ Kf8
35. Ree7 Ne5 36. Nxe5 fxe5 37. Qd2 Kg8 38. Rg7+ 1-0

[Event "?"]
[Site "?"]
[Date "1998.??.??"]
[Round "7.9"]
[White "Reichenbach, W."]
[Black "Lapienis, D."]
[Result "1/2-1/2"]
[WhiteElo "2280"]
[BlackElo "2305"]
[PlyCount "41"]
[EventDate "1998.??.??"]

1. e4 c5 2. Nf3 d6 3. d4 cxd4 4. Nxd4 Nf6 5. Nc3 a6 6. Be3 e5 7. Nb3 Be6 8. Qd2
Nbd7 9. f3 b5 10. g4 Nb6 11. g5 Nfd7 12. Nd5 Rc8 13. Nxb6 Nxb6 14. Na5 Be7 15.
a4 Nc4 16. Nxc4 bxc4 17. Be2 O-O 18. O-O f5 19. gxf6 Rxf6 20. Kh1 Rg6 21. Rg1
1/2-1/2

[Event "?"]
[Site "?"]
[Date "1998.??.??"]
[Round "7.10"]
[White "Golyak, I."]
[Black "Badestein, H."]
[Result "1-0"]
[WhiteElo "2290"]
[BlackElo "2155"]
[PlyCount "135"]
[EventDate "1998.??.??"]

1. e4 c5 2. Nf3 Nc6 3. d4 cxd4 4. Nxd4 Nf6 5. Nc3 e6 6. Ndb5 Bb4 7. a3 Bxc3+ 8.
Nxc3 d5 9. exd5 exd5 10. Bd3 h6 11. O-O O-O 12. Bf4 d4 13. Ne2 Nd5 14. Bg3 Qf6
15. Qd2 Rd8 16. Rad1 Be6 17. Rfe1 Rd7 18. Nf4 Nxf4 19. Qxf4 Qxf4 20. Bxf4 a6
21. Rd2 Rc8 22. Red1 Rcd8 23. f3 Na5 24. b3 Nc6 25. Bg3 g6 26. Bf2 h5 27. Bh4
Re8 28. Bf6 Ne7 29. Be4 Nf5 30. Bxd4 Nxd4 31. Rxd4 Rxd4 32. Rxd4 Rb8 33. Kf2
Kf8 34. Ke3 Ke7 35. Bd5 Bxd5 36. Rxd5 b5 37. Kd4 Ke6 38. Re5+ Kd6 39. Re2 Rc8
40. c4 bxc4 41. bxc4 Rb8 42. Kc3 Rb1 43. Rb2 Rc1+ 44. Kb4 Kc6 45. f4 Kb6 46. f5
a5+ 47. Ka4+ Ka6 48. fxg6 fxg6 49. Kb3 Re1 50. Rd2 Re6 51. Rd5 Rc6 52. c5 Kb7
53. Kc4 Rf6 54. Kb5 Rf2 55. Rg5 Rf6 56. Kxa5 Kc6 57. a4 Re6 58. Kb4 Re4+ 59.
Kb3 Re6 60. Kc3 h4 61. h3 Rf6 62. Kd3 Rf1 63. Rxg6+ Kxc5 64. Rg5+ Kd6 65. Rg4
Rf2 66. Ke3 Ra2 67. Kf3 Ra3+ 68. Kf2 1-0

[Event "?"]
[Site "?"]
[Date "1998.??.??"]
[Round "7.11"]
[White "Davydov, M."]
[Black "Suetin, A."]
[Result "0-1"]
[WhiteElo "2190"]
[BlackElo "2400"]
[PlyCount "132"]
[EventDate "1998.??.??"]

1. e4 c5 2. Nf3 Nc6 3. d4 cxd4 4. Nxd4 e6 5. Nc3 Qc7 6. Be2 a6 7. O-O Nf6 8. a3
Be7 9. Nb3 d6 10. f4 b5 11. Bf3 Bb7 12. Qe2 O-O 13. Kh1 Rfe8 14. Be3 Bf8 15.
Bg1 Ne7 16. Rfe1 e5 17. fxe5 dxe5 18. Rad1 Ng6 19. Qe3 Rac8 20. Re2 Nh4 21. Qb6
Qxb6 22. Bxb6 Nxf3 23. gxf3 h6 24. Kg1 Bxa3 25. bxa3 Rxc3 26. Kf2 Rec8 27. Rd8+
Rxd8 28. Bxd8 Bc8 29. Ba5 Rc6 30. Bb4 Be6 31. Na5 Rc8 32. Rd2 Nd7 33. Nb7 Kh7
34. Ke3 Nb6 35. Nd6 Rc6 36. Ke2 h5 37. Nb7 Nc4 38. Na5 Nxa5 39. Bxa5 Bc4+ 40.
Ke3 Rg6 41. Kf2 h4 42. Bc7 f6 43. Rd1 Be6 44. Rg1 Rh6 45. Rd1 Bh3 46. Rg1 Kg8
47. Ke3 Kf7 48. Kd2 Rh8 49. Bb6 Rc8 50. Ba5 Rc4 51. Bb4 Be6 52. Rg2 g5 53. Ke3
Rc8 54. Kd3 Rg8 55. Ke3 h3 56. Rg1 Rd8 57. Ke2 Rh8 58. Ke3 Rc8 59. Kd3 Rc4 60.
Bc3 Ra4 61. Bb4 a5 62. Bc5 b4 63. axb4 axb4 64. Rb1 Ra3+ 65. Ke2 Rc3 66. Bg1
Rxc2+ 0-1

[Event "?"]
[Site "?"]
[Date "1998.??.??"]
[Round "7.13"]
[White "Baumgartner, H."]
[Black "Mayers, D."]
[Result "1-0"]
[WhiteElo "2300"]
[BlackElo "2190"]
[PlyCount "113"]
[EventDate "1998.??.??"]

1. Nf3 Nf6 2. g3 b6 3. Bg2 Bb7 4. O-O c5 5. d3 g6 6. e4 d6 7. c3 Bg7 8. Nh4 e5
9. Nd2 O-O 10. Re1 Nc6 11. Nf1 d5 12. Bg5 d4 13. Qd2 Qd6 14. c4 Nd8 15. f4 Nd7
16. f5 f6 17. Bh6 g5 18. Bxg7 Kxg7 19. Nf3 Nf7 20. g4 a6 21. Ng3 h6 22. Kf2 b5
23. b3 b4 24. Rh1 Rh8 25. h4 Rag8 26. Rh2 Kf8 27. Rah1 Ke8 28. Bf1 Kd8 29. Be2
Kc7 30. Nh5 Bc6 31. a3 a5 32. Kg3 Nf8 33. axb4 axb4 34. Ra1 Nd7 35. Ra7+ Bb7
36. Rh1 Ra8 37. Rha1 Rxa7 38. Rxa7 Ra8 39. Rxa8 Bxa8 40. Qa2 Bb7 41. Ng7 Qa6
42. Ne6+ Kc8 43. Qb1 Nd8 44. hxg5 hxg5 45. Ng7 Qd6 46. Qh1 Qf8 47. Qh7 Qf7 48.
Nd2 Bc6 49. Kf2 Kb7 50. Nf1 Nf8 51. Qh8 Be8 52. Nxe8 Qxe8 53. Qxf6 Nf7 54. Ng3
Kc7 55. Nh5 Nh7 56. Qg7 Nf8 57. Nf6 1-0

[Event "?"]
[Site "?"]
[Date "1998.??.??"]
[Round "7.14"]
[White "Ofstad, P."]
[Black "Rosen, W."]
[Result "0-1"]
[WhiteElo "2185"]
[BlackElo "2300"]
[PlyCount "58"]
[EventDate "1998.??.??"]

1. e4 c5 2. Nc3 Nc6 3. g3 g6 4. Bg2 Bg7 5. d3 d6 6. Nge2 e5 7. Nd5 Be6 8. O-O
Nge7 9. c3 O-O 10. Be3 Rc8 11. Qd2 Bxd5 12. exd5 Nb8 13. c4 Nd7 14. Rab1 Nf5
15. Nc3 Qe7 16. Ne4 Nxe3 17. Qxe3 h6 18. Qe2 f5 19. Nd2 Rce8 20. Rfe1 h5 21. h4
Bh6 22. b4 Qf7 23. Nf3 cxb4 24. a3 b3 25. Nd2 Bxd2 26. Qxd2 Nc5 27. d4 exd4 28.
Qxd4 Qg7 29. Qf4 Rxe1+ 0-1

[Event "?"]
[Site "?"]
[Date "1998.??.??"]
[Round "7.15"]
[White "Scheipl, R."]
[Black "Castillo Escudero, A."]
[Result "1-0"]
[WhiteElo "2270"]
[BlackElo "2160"]
[PlyCount "43"]
[EventDate "1998.??.??"]

1. c4 Nf6 2. Nf3 c5 3. g3 d5 4. cxd5 Nxd5 5. Nc3 Nc6 6. Bg2 Nc7 7. a3 e5 8. O-O
Be7 9. b4 f6 10. bxc5 Bxc5 11. Qc2 Be7 12. e3 O-O 13. Bb2 Be6 14. d4 exd4 15.
Nxd4 Nxd4 16. exd4 Bc4 17. Rfe1 17... Rb8 { } 18. Be4 g6 19. Bxg6 hxg6 20.
Qxg6+ Kh8 21. d5 Ne8 22. Re4 1-0

[Event "?"]
[Site "?"]
[Date "1998.??.??"]
[Round "7.16"]
[White "Jugow, A."]
[Black "Hanks, J."]
[Result "1-0"]
[WhiteElo "2265"]
[BlackElo "2175"]
[PlyCount "101"]
[EventDate "1998.??.??"]

1. d4 d5 2. c4 e6 3. Nc3 Nf6 4. Nf3 c6 5. Bg5 Nbd7 6. cxd5 exd5 7. e3 Be7 8.
Bd3 h6 9. Bf4 O-O 10. Qc2 Re8 11. O-O Nf8 12. h3 Bd6 13. Bxd6 Qxd6 14. Rae1 Be6
15. Ne5 Rad8 16. f4 a6 17. Rf3 c5 18. Qf2 c4 19. Bb1 Bd7 20. g4 Bc6 21. g5 Ne4
22. Qh4 Ng6 23. Nxg6 Qxg6 24. Nxe4 dxe4 25. Rg3 h5 26. Bc2 Qh7 27. Rf1 Rd5 28.
Rg2 Rf5 29. Rc1 g6 30. Bd1 Bd5 31. Bg4 hxg4 32. Qxh7+ Kxh7 33. hxg4 Rxf4 34.
exf4 e3 35. Rh2+ Kg7 36. Re1 Re4 37. Rh4 Rxf4 38. Rxe3 Rxd4 39. Re8 Be6 40.
Reh8 Rxg4+ 41. Rxg4 Bxg4 42. Rb8 Bf3 43. Kf2 Bd5 44. Rc8 Be6 45. Rc7 b5 46. a3
a5 47. Ra7 b4 48. Rxa5 c3 49. bxc3 bxa3 50. Rxa3 f6 51. Ra6 1-0

[Event "?"]
[Site "?"]
[Date "1998.??.??"]
[Round "7.17"]
[White "Lipiniks, L."]
[Black "Cafferty, B."]
[Result "0-1"]
[WhiteElo "2155"]
[BlackElo "2240"]
[PlyCount "124"]
[EventDate "1998.??.??"]

1. e4 Nf6 2. e5 Nd5 3. c4 Nb6 4. d4 d6 5. exd6 cxd6 6. Nf3 g6 7. Be2 Bg7 8. O-O
O-O 9. b3 Bg4 10. Bb2 Nc6 11. h3 Bxf3 12. Bxf3 d5 13. c5 Nc8 14. Nc3 e6 15. Ne2
N8e7 16. a3 Nf5 17. Bg4 Nh6 18. Qd2 Na5 19. Nc1 Nxg4 20. hxg4 b6 21. Bc3 Nc6
22. b4 bxc5 23. bxc5 Qh4 24. f3 Bh6 25. Qf2 Qxf2+ 26. Kxf2 Rab8 27. Ne2 Rb3 28.
Rfd1 Rfb8 29. Bd2 Bxd2 30. Rxd2 R8b5 31. a4 Ra5 32. Rda2 e5 33. dxe5 Nxe5 34.
Nd4 Rb4 35. Nb5 Nd3+ 36. Ke3 Nxc5 37. Rc2 Ne6 38. Rc8+ Kg7 39. Nd6 d4+ 40. Kf2
Raxa4 41. Ne8+ Kf8 42. Nc7+ Ke7 43. Rc1 Rb2+ 44. Kg3 Rb7 45. Nxe6 Kxe6 46. Kf4
Rd7 47. Re8+ Kd6 48. g5 d3+ 49. Ke3 Ra2 50. Kxd3 Rxg2 51. f4 Ra2 52. Ke3 Re7+
53. Rxe7 Kxe7 54. Rh1 a5 55. Rxh7 Ke6 56. Ke4 Ra4+ 57. Ke3 Rb4 58. Rh8 Kf5 59.
Ra8 Re4+ 60. Kd3 Kxf4 61. Rxa5 Re5 62. Ra7 Rf5 0-1

[Event "?"]
[Site "?"]
[Date "1998.??.??"]
[Round "7.18"]
[White "Lieb, H."]
[Black "Kramer, G."]
[Result "1-0"]
[WhiteElo "2230"]
[BlackElo "2155"]
[PlyCount "59"]
[EventDate "1998.??.??"]

1. Nf3 Nf6 2. c4 g6 3. Nc3 Bg7 4. d4 d6 5. e4 O-O 6. Be2 e5 7. O-O Nbd7 8. Be3
Re8 9. d5 a5 10. Nd2 Nc5 11. b3 h5 12. h3 b6 13. a3 Nh7 14. b4 Nd7 15. Nb3 Bf6
16. f3 Bg5 17. Bf2 h4 18. bxa5 bxa5 19. a4 Bf4 20. Qe1 Bg5 21. Nb5 Nb8 22. c5
Be7 23. cxd6 cxd6 24. Rc1 Na6 25. Nxa5 Bd7 26. Nc6 Bxc6 27. Rxc6 Qd7 28. Nxd6
Nb8 29. Nxe8 Nxc6 30. Bb5 1-0

[Event "?"]
[Site "?"]
[Date "1998.??.??"]
[Round "7.19"]
[White "Somogyi, I."]
[Black "Huguet, B."]
[Result "1/2-1/2"]
[WhiteElo "2230"]
[BlackElo "2135"]
[PlyCount "48"]
[EventDate "1998.??.??"]

1. d4 c5 2. e3 e6 3. Nf3 d5 4. c4 Nf6 5. Nc3 Nc6 6. a3 dxc4 7. Bxc4 cxd4 8.
exd4 Be7 9. O-O O-O 10. Re1 b6 11. Bg5 Bb7 12. Ba2 Nd5 13. Qd2 Nxc3 14. bxc3
Bxg5 15. Nxg5 Ne7 16. Qd3 Ng6 17. h4 Qf6 18. Re3 h6 19. Nf3 Nxh4 20. Nxh4 Qxh4
21. Rae1 Rfe8 22. d5 Rad8 23. c4 Qf6 24. Bb1 g6 1/2-1/2

[Event "?"]
[Site "?"]
[Date "1998.??.??"]
[Round "7.20"]
[White "Beszterczey, L."]
[Black "Breustedt, W."]
[Result "1/2-1/2"]
[WhiteElo "2115"]
[BlackElo "2230"]
[PlyCount "106"]
[EventDate "1998.??.??"]

1. g3 e5 2. Bg2 g6 3. e4 d6 4. Ne2 Bg7 5. O-O c6 6. d4 Ne7 7. dxe5 dxe5 8.
Qxd8+ Kxd8 9. Nbc3 Na6 10. Be3 Be6 11. a3 Nc7 12. Rad1+ Kc8 13. Rd2 Rd8 14.
Rfd1 Rxd2 15. Rxd2 Ne8 16. Na4 Kc7 17. Nc5 Bc8 18. b3 b6 19. Nd3 Be6 20. f4 f6
21. h3 Nd6 22. Kf2 Rd8 23. g4 h6 24. f5 gxf5 25. gxf5 Bf7 26. Ng3 Nb5 27. a4
Nd4 28. Nc1 c5 29. Bf3 Nxf3 30. Rxd8 Kxd8 31. Kxf3 Nc6 32. c3 Bf8 33. Kg4 Na5
34. c4 Nc6 35. Nh5 Ke7 36. Bf2 Nd4 37. Bh4 Bxh5+ 38. Kxh5 Nf3 39. Nd3 Kf7 40.
Be1 Kg7 41. Bc3 Kh7 42. Kg4 Ng5 43. Nf2 Nf7 44. h4 Nd6 45. Kh5 Be7 46. Bd2 Bf8
47. Be3 Bg7 48. Kg4 Nb7 49. Bd2 Bf8 50. h5 Nd8 51. Kf3 Nc6 52. Bc3 Bd6 53. Ke3
Kg7 1/2-1/2

[Event "?"]
[Site "?"]
[Date "1998.??.??"]
[Round "7.21"]
[White "Lainburg, V."]
[Black "Secula, V."]
[Result "1/2-1/2"]
[WhiteElo "2230"]
[BlackElo "2080"]
[PlyCount "55"]
[EventDate "1998.??.??"]

1. d4 d5 2. Bg5 c6 3. e3 h6 4. Bh4 Qb6 5. b3 e5 6. Nf3 e4 7. Nfd2 Nd7 8. Be2
Ngf6 9. Bg3 c5 10. c3 Be7 11. O-O O-O 12. f3 exf3 13. Bxf3 Re8 14. a4 a6 15.
Na3 Nf8 16. Nc2 Be6 17. Ne1 N8h7 18. a5 Qd8 19. Nd3 cxd4 20. cxd4 Ng5 21. Nc5
Bxc5 22. dxc5 Nxf3+ 23. Qxf3 Bg4 24. Qf4 Qd7 25. h3 Ne4 26. Nxe4 Rxe4 27. Qd6
Be6 28. Qb6 1/2-1/2

[Event "?"]
[Site "?"]
[Date "1998.??.??"]
[Round "7.22"]
[White "Tscherne, J."]
[Black "Hocevar, N."]
[Result "1/2-1/2"]
[WhiteElo "2025"]
[BlackElo "2220"]
[PlyCount "57"]
[EventDate "1998.??.??"]

1. Nf3 Nf6 2. d4 d5 3. g3 e6 4. Bg2 Nbd7 5. O-O Be7 6. b3 O-O 7. Bb2 c6 8. Nbd2
Re8 9. c4 Bf8 10. Qc2 g6 11. e4 Nxe4 12. Nxe4 dxe4 13. Qxe4 Bg7 14. Rfd1 Qe7
15. Qc2 b6 16. Ne5 Nxe5 17. dxe5 Bb7 18. Rd6 c5 19. Bxb7 Qxb7 20. Rad1 Qf3 21.
Qd3 Qxd3 22. R1xd3 Kf8 23. f4 Re7 24. Kf2 Ke8 25. Kf3 Bf8 26. Rd1 Rc7 27. R6d3
Be7 28. Ke4 Rd8 29. g4 1/2-1/2

[Event "?"]
[Site "?"]
[Date "1998.??.??"]
[Round "7.23"]
[White "Ljuboshitz, A."]
[Black "Doehner, H."]
[Result "1-0"]
[WhiteElo "2210"]
[BlackElo "2058"]
[PlyCount "82"]
[EventDate "1998.??.??"]

1. e4 e5 2. Nf3 Nc6 3. Bc4 Be7 4. d4 d6 5. d5 Nb8 6. Bd3 Bg4 7. c4 Nd7 8. Nc3
Ngf6 9. h3 Bh5 10. Be3 O-O 11. O-O c6 12. Qe2 Bg6 13. b4 cxd5 14. cxd5 a6 15.
Nd2 Rc8 16. Rfc1 Nh5 17. g3 f5 18. exf5 Bxf5 19. Bxf5 Rxf5 20. Nce4 g6 21. Nc4
Qf8 22. Qd2 Ng7 23. Na5 Rxc1+ 24. Rxc1 b6 25. Nc6 Ne8 26. Kg2 Nef6 27. Nxf6+
Nxf6 28. Bxb6 e4 29. Nxe7+ Qxe7 30. Rc8+ Ne8 31. Qe2 Qf7 32. Qxe4 Re5 33. Qc4
Kf8 34. Be3 Qxd5+ 35. Qxd5 Rxd5 36. Ra8 a5 37. Ra6 Ke7 38. a4 Ke6 39. b5 Nc7
40. Ra7 Nxb5 41. axb5 Rxb5 1-0

[Event "?"]
[Site "?"]
[Date "1998.??.??"]
[Round "7.24"]
[White "Kaminik, A."]
[Black "Titz, H."]
[Result "0-1"]
[WhiteElo "2200"]
[BlackElo "2022"]
[PlyCount "99"]
[EventDate "1998.??.??"]

1. d4 Nf6 2. c4 c5 3. d5 b5 4. cxb5 a6 5. b6 Qxb6 6. Nc3 d6 7. Nf3 g6 8. Nd2
Bg7 9. e4 O-O 10. Nc4 Qd8 11. Be2 a5 12. O-O Nbd7 13. f4 Nb6 14. e5 Ne8 15.
Nxb6 Qxb6 16. Bf3 Rb8 17. Re1 f6 18. e6 f5 19. h3 Bh6 20. Qd2 Ba6 21. Qf2 Bg7
22. Kh1 Bd3 23. Nd1 Nf6 24. Qe3 Be4 25. Nc3 Bxf3 26. Qxf3 Nh5 27. Rb1 Qb4 28.
Bd2 Qd4 29. Red1 a4 30. Ne2 Qc4 31. Bc3 Qxe2 32. Qxe2 Ng3+ 33. Kh2 Nxe2 34.
Bxg7 Kxg7 35. g3 Rb4 36. Rd2 Nd4 37. Kg2 Rfb8 38. Kf2 Nb5 39. Re1 Rd4 40. Red1
Rxd2+ 41. Rxd2 Nd4 42. g4 Rb4 43. g5 Kf8 44. Ke3 Nb5 45. h4 Re4+ 46. Kf3 Nd4+
47. Kg3 Ne2+ 48. Kf3 Nxf4 49. Rd1 Nh5 50. Rd3 0-1

[Event "?"]
[Site "?"]
[Date "1998.??.??"]
[Round "7.25"]
[White "Winiwarter, F."]
[Black "Dryzek, T."]
[Result "1-0"]
[WhiteElo "2200"]
[BlackElo "2015"]
[PlyCount "79"]
[EventDate "1998.??.??"]

1. e4 e6 2. d4 d5 3. Nc3 Nf6 4. Bg5 Bb4 5. e5 h6 6. Bd2 Nfd7 7. Qg4 Bf8 8. Nf3
a6 9. h4 c5 10. dxc5 Nc6 11. Bf4 Nxc5 12. O-O-O Bd7 13. Rh3 b5 14. Nd4 Qa5 15.
Nxc6 Bxc6 16. Kb1 h5 17. Qf3 Ne4 18. Qe2 Nc5 19. Qe1 Na4 20. Nxd5 Qxe1 21. Nc7+
Ke7 22. Bg5+ f6 23. exf6+ gxf6 24. Rxe1 fxg5 25. Nxe6 g4 26. Rd3 Kf6 27. Nxf8
Rhxf8 28. Rd6+ Kg7 29. Rxc6 Rxf2 30. b3 Raf8 31. Bd3 Rxg2 32. bxa4 bxa4 33. Kb2
Rh2 34. Rg6+ Kf7 35. Rf1+ Ke8 36. Re1+ Kd7 37. Rxa6 g3 38. Bb5+ Kc7 39. Re7+
Kb8 40. Bc6 1-0

[Event "?"]
[Site "?"]
[Date "1998.??.??"]
[Round "7.48"]
[White "Moeckel, E."]
[Black "Viner, P."]
[Result "1-0"]
[WhiteElo "1930"]
[BlackElo "2185"]
[PlyCount "73"]
[EventDate "1998.??.??"]

1. d4 Nf6 2. c4 e6 3. Nf3 d5 4. cxd5 exd5 5. Qc2 c6 6. Nc3 Be7 7. Bg5 h6 8. Bh4
O-O 9. e3 Re8 10. Bd3 Ne4 11. Bxe7 Qxe7 12. O-O Nd7 13. b4 Ng5 14. Nxg5 hxg5
15. b5 Nf6 16. bxc6 bxc6 17. Rab1 Qd6 18. Ne2 g6 19. Rfc1 Re6 20. Ng3 Ng4 21.
Qc5 Qd8 22. e4 Kg7 23. h3 Nf6 24. e5 Nd7 25. Qc3 f6 26. exf6+ Qxf6 27. Ne2 Qe7
28. Qd2 Nb6 29. Re1 Bd7 30. Ng3 Rf8 31. Rxe6 Bxe6 32. Re1 Qf6 33. Re5 g4 34.
hxg4 Bc8 35. Rg5 Nc4 36. Bxc4 dxc4 37. Nh5+ 1-0

[Event "?"]
[Site "?"]
[Date "1998.??.??"]
[Round "7.58"]
[White "Tritscher, J."]
[Black "Jahr, D."]
[Result "0-1"]
[WhiteElo "1663"]
[BlackElo "1996"]
[PlyCount "62"]
[EventDate "1998.??.??"]

1. Nf3 d5 2. c4 e6 3. g3 Nf6 4. Bg2 Be7 5. O-O O-O 6. b3 c5 7. Bb2 Nc6 8. d3 d4
9. e4 e5 10. h3 Bd7 11. a3 a5 12. a4 Qc8 13. Kh2 Ne8 14. g4 g6 15. Bc1 f5 16.
Bh6 fxg4 17. Bxf8 gxf3 18. Qxf3 Bxf8 19. Qg3 Bh6 20. Qh4 Bf4+ 21. Kh1 g5 22.
Qh6 Nb4 23. Rd1 Ra6 24. Qh5 Ng7 25. Qe2 Bxh3 26. Nd2 Rh6 27. Bf3 Bf1+ 28. Kg1
Bxe2 29. Bxe2 Rh1+ 30. Kxh1 Qh3+ 31. Kg1 Qh2+ 0-1